| 000 | 01047cad a22002055a 4500 | ||
|---|---|---|---|
| 001 | L154008 | ||
| 008 | 111003s2011 xxk f 000 0 eng d | ||
| 035 | _a(Sirsi) u154008 | ||
| 041 | 0 | _aeng | |
| 110 | 2 |
_aBerkeley Group _95980 |
|
| 245 | 0 | 0 |
_aWorking growth _bdelivering growth through localism _h[electronic resource] |
| 260 |
_a[S.l.] _b[s.n.] _c[2011?] |
||
| 520 | _aOutlines recommendations of a group of housing experts on how the Localism agenda and the Plan for Growth can stimulate growth for housing, regeneration and employment opportunities. Contributions from Affinity Sutton, Planning Officers Society, Tower Hamlets, London Forum, City of Westminster and CBRE CB Richard Ellis. Provides practical guidance for practioners. | ||
| 590 | _aKA | ||
| 650 | 2 | 4 | _aLOCALISM BILL |
| 651 | 4 |
_aEngland and Wales _y1543- |
|
| 690 | _aENVIRONMENTAL AND LAND CONSULTANCY-PLANNING AND DEVELOPMENT | ||
| 856 | 4 | 0 |
_uhttps://www.berkeleygroup.co.uk/news/growth-and-localism _zView the item free of charge at www.berkeleygroup.co.uk |
| 942 | _n0 | ||
| 999 |
_c112806 _d112806 |
||